000 00378nam a2200157Ia 4500
008 230917s9999||||xx |||||||||||||| ||und||
020 _cRS995
040 _e33334
_aMAIN
041 _aEnglish
082 _a820.9 H629H
100 _aBalcon, Michael, ed.
245 0 _aHistory of language and literature
260 _aDelhi
_bShubhi
_c2001
300 _a384 p.
942 _cBK
999 _c106648
_d106648